[Event "Mecklenburg VP LL2 West 1718"]
[Site "Mecklenburg VP"]
[Date "2017.10.08"]
[Round "1.1"]
[White "Pingel, Falko"]
[Black "Graffenberger, Martin"]
[Result "1/2-1/2"]
[WhiteElo "2021"]
[BlackElo "1987"]
[PlyCount "37"]
[EventDate "2017.10.08"]
[EventType "team-tourn"]
[EventRounds "9"]
[EventCountry "GER"]
[SourceTitle "EXT 2022"]
[Source "ChessBase"]
[SourceDate "2021.10.06"]
[SourceVersion "1"]
[SourceVersionDate "2021.10.06"]
[SourceQuality "1"]
[WhiteTeam "Parchim SV Blau-Weiss 69"]
[BlackTeam "Neukloster VfL Blau Weiss"]
[WhiteTeamCountry "GER"]
[BlackTeamCountry "GER"]

1. e4 e5 2. Nf3 Nc6 3. Bb5 a6 4. Ba4 Nf6 5. d3 d6 6. c3 Be7 7. Be3 b5 8. Bc2 Bb7 9. Nbd2 0-0 10. 0-0 d5 11. Bg5 dxe4 12. dxe4 Ng4 13. Bxe7 Qxe7 14. Qe2 Rfd8 15. h3 Nh6 16. a3 Na5 17. b4 Nc6 18. Rfd1 Rd6 19. Nf1 1/2-1/2

[Event "Mecklenburg VP LL2 West 1415"]
[Site "Mecklenburg VP"]
[Date "2015.04.26"]
[Round "9.1"]
[White "Graffenberger, Martin"]
[Black "Schreiber, Felix"]
[Result "1/2-1/2"]
[WhiteElo "1865"]
[BlackElo "1809"]
[PlyCount "56"]
[EventDate "2014.09.21"]
[EventType "team-tourn"]
[EventRounds "9"]
[EventCountry "GER"]
[SourceTitle "EXT 2022"]
[Source "ChessBase"]
[SourceDate "2021.10.06"]
[SourceVersion "1"]
[SourceVersionDate "2021.10.06"]
[SourceQuality "1"]
[WhiteTeam "Neukloster VfL Blau Weiss"]
[BlackTeam "Mecklenburger Springer SC"]
[WhiteTeamCountry "GER"]
[BlackTeamCountry "GER"]

1. e4 c5 2. Nc3 e6 3. g3 Nc6 4. Bg2 g6 5. d3 Bg7 6. Be3 Nd4 7. Qd2 Ne7 8. Nd1 d6 9. c3 Ndc6 10. Ne2 Bd7 11. 0-0 0-0 12. Bh6 Rb8 13. Bxg7 Kxg7 14. Ne3 e5 15. d4 cxd4 16. cxd4 Qa5 17. Rfd1 Qxd2 18. Rxd2 Rfd8 19. Rad1 Be8 20. a3 a6 21. dxe5 dxe5 22. Nc4 Rxd2 23. Rxd2 Nc8 24. Bh3 b5 25. Nd6 Nxd6 26. Rxd6 b4 27. Bd7 Bxd7 28. Rxd7 bxa3 1/2-1/2

[Event "Mecklenburg VP LL2 West 1415"]
[Site "Mecklenburg VP"]
[Date "2015.01.18"]
[Round "5.1"]
[White "Stadler, Bertino"]
[Black "Graffenberger, Martin"]
[Result "0-1"]
[WhiteElo "1675"]
[BlackElo "1865"]
[PlyCount "74"]
[EventDate "2014.09.21"]
[EventType "team-tourn"]
[EventRounds "9"]
[EventCountry "GER"]
[SourceTitle "EXT 2022"]
[Source "ChessBase"]
[SourceDate "2021.10.06"]
[SourceVersion "1"]
[SourceVersionDate "2021.10.06"]
[SourceQuality "1"]
[WhiteTeam "Kuehlungsborn SV Empor"]
[BlackTeam "Neukloster VfL Blau Weiss"]
[WhiteTeamCountry "GER"]
[BlackTeamCountry "GER"]

1. e4 e5 2. Nf3 Nc6 3. Bc4 Bc5 4. d3 d6 5. Be3 Bxe3 6. fxe3 Nf6 7. Nbd2 Na5 8. Qe2 Nxc4 9. Nxc4 Qe7 10. 0-0-0 Be6 11. Ncd2 d5 12. exd5 Bxd5 13. Kb1 Qe6 14. a3 0-0 15. e4 Bc6 16. Nc4 Nd7 17. Ne3 b5 18. h4 f6 19. g4 b4 20. axb4 a5 21. bxa5 Rxa5 22. Nc4 Ra7 23. Nfd2 Rfa8 24. Nb3 Ba4 25. g5 Bxb3 26. cxb3 Ra1+ 27. Kc2 Rxd1 28. Qxd1 Rf8 29. Rf1 Qh3 30. Qe1 Nc5 31. Qe2 Ne6 32. Kc3 Nd4 33. Qf2 Qe6 34. Qh2 Rb8 35. gxf6 Rxb3+ 36. Kd2 Qxc4 37. f7+ Kf8 0-1

[Event "Mecklenburg VP VL 1112"]
[Site "Mecklenburg VP"]
[Date "2012.03.18"]
[Round "8.2"]
[White "Weber, Max"]
[Black "Graffenberger, Martin"]
[Result "1/2-1/2"]
[WhiteElo "2043"]
[BlackElo "1949"]
[PlyCount "51"]
[EventDate "2011.10.02"]
[EventType "team-tourn"]
[EventRounds "9"]
[EventCountry "GER"]
[SourceTitle "EXT 2022"]
[Source "ChessBase"]
[SourceDate "2021.10.06"]
[SourceVersion "1"]
[SourceVersionDate "2021.10.06"]
[SourceQuality "1"]
[WhiteTeam "Rostock SSC 07 II"]
[BlackTeam "Greifswald II"]
[WhiteTeamCountry "GER"]
[BlackTeamCountry "GER"]

1. d4 e6 2. c4 c5 3. d5 exd5 4. cxd5 d6 5. Nc3 Ne7 6. g3 Ng6 7. Bg2 Be7 8. Nf3 Na6 9. 0-0 0-0 10. h3 Bd7 11. a4 Nb4 12. Nd2 b6 13. Nc4 a6 14. a5 b5 15. Nb6 Ra7 16. b3 f5 17. Bb2 Bf6 18. Qd2 Ne7 19. e3 Nc8 20. Nxd7 Qxd7 21. Ne2 Bxb2 22. Qxb2 Nd3 23. Qd2 Ne5 24. Nf4 Rf6 25. Rfe1 Ne7 26. Qe2 1/2-1/2

[Event "Mecklenburg VP-ch"]
[Site "Nakenstorf"]
[Date "2010.04.01"]
[Round "1.16"]
[White "Graffenberger, Martin"]
[Black "Fidorra, Thomas"]
[Result "0-1"]
[WhiteElo "1985"]
[BlackElo "1519"]
[PlyCount "70"]
[EventDate "2010.04.01"]
[EventType "swiss"]
[EventRounds "9"]
[EventCountry "GER"]
[SourceTitle "EXT 2022"]
[Source "ChessBase"]
[SourceDate "2021.10.06"]
[SourceVersion "1"]
[SourceVersionDate "2021.10.06"]
[SourceQuality "1"]

1. e4 c5 2. Nf3 d6 3. c3 Nf6 4. d3 Nc6 5. g3 e6 6. Bg2 Be7 7. 0-0 0-0 8. Nbd2 Qc7 9. Re1 b6 10. Nf1 Bb7 11. h3 Rad8 12. Qe2 Rfe8 13. g4 Nd7 14. Bf4 Nde5 15. N3d2 Ba6 16. Nc4 Nxc4 17. dxc4 Ne5 18. Ne3 Ng6 19. Bg3 Bg5 20. Nc2 Nf4 21. Qf1 Nxg2 22. Kxg2 Qc6 23. f4 Be7 24. b3 d5 25. exd5 exd5 26. Qf3 Bb7 27. cxd5 Rxd5 28. Kg1 Rd2 29. Qxc6 Bxc6 30. Ne3 Bf6 31. Nf5 Bxc3 32. Rxe8+ Bxe8 33. Re1 Kf8 34. Bh4 f6 35. Nxg7 Bd4+ 0-1

[Event "Mecklenburg VP LL 0910"]
[Site "Mecklenburg VP"]
[Date "2009.11.15"]
[Round "2.8"]
[White "Schulz, Bernd"]
[Black "Graffenberger, Martin"]
[Result "1/2-1/2"]
[WhiteElo "1823"]
[BlackElo "1842"]
[PlyCount "51"]
[EventDate "2009.10.18"]
[EventType "team-tourn"]
[EventRounds "9"]
[EventCountry "GER"]
[SourceTitle "EXT 2016"]
[Source "ChessBase"]
[SourceDate "2015.10.08"]
[SourceVersion "1"]
[SourceVersionDate "2015.10.08"]
[SourceQuality "1"]
[WhiteTeam "Wismar ASV Gruen-Weiss"]
[BlackTeam "Greifswald II"]
[WhiteTeamCountry "GER"]
[BlackTeamCountry "GER"]

1. e4 e5 2. Nf3 Nc6 3. Bc4 Bc5 4. c3 Nf6 5. d4 exd4 6. cxd4 Bb4+ 7. Bd2 Bxd2+ 8. Nbxd2 d5 9. exd5 Nxd5 10. Qb3 Nce7 11. 0-0 0-0 12. Rfe1 c6 13. Ne5 Qb6 14. Qxb6 Nxb6 15. Bb3 Ned5 16. Ne4 a5 17. a3 Rd8 18. Nc5 Kf8 19. Rad1 Rb8 20. f3 Na8 21. Kf2 Nac7 22. Rd2 f6 23. Nc4 b6 24. Ne4 Ba6 25. Rc1 f5 26. Ng3 1/2-1/2

[Event "Mecklenburg VP-ch"]
[Site "Greifswald"]
[Date "2009.04.12"]
[Round "7.8"]
[White "Graffenberger, Martin"]
[Black "Lehmann, Ruben"]
[Result "1-0"]
[WhiteElo "1989"]
[BlackElo "1797"]
[PlyCount "73"]
[EventDate "2009.04.09"]
[EventType "swiss"]
[EventRounds "9"]
[EventCountry "GER"]
[SourceTitle "EXT 2022"]
[Source "ChessBase"]
[SourceDate "2021.10.06"]
[SourceVersion "1"]
[SourceVersionDate "2021.10.06"]
[SourceQuality "1"]

1. e4 c6 2. Nc3 d5 3. Nf3 Bg4 4. Be2 e6 5. d3 Bd6 6. 0-0 Qc7 7. e5 Bb4 8. d4 Ne7 9. Bd2 a6 10. Nh4 Bxe2 11. Nxe2 Bxd2 12. Qxd2 c5 13. c3 Nbc6 14. Qg5 Ng6 15. Nf3 Rc8 16. h4 Qe7 17. Qxe7+ Kxe7 18. Rfe1 Rc7 19. h5 Nf8 20. dxc5 Nd7 21. Nfd4 Nxc5 22. Nxc6+ Rxc6 23. Nd4 Rc7 24. Re2 Rhc8 25. a4 Nd7 26. g3 Rc4 27. f4 Nc5 28. a5 Ra4 29. Rxa4 Nxa4 30. f5 Rc5 31. h6 g6 32. fxe6 fxe6 33. Rf2 Rxa5 34. b4 Rb5 35. Nxb5 axb5 36. Rf6 Nxc3 37. Rxg6 1-0

[Event "Mecklenburg VP-ch"]
[Site "Greifswald"]
[Date "2009.04.11"]
[Round "6.4"]
[White "Parashchenko, Oleg"]
[Black "Graffenberger, Martin"]
[Result "1-0"]
[WhiteElo "2066"]
[BlackElo "1989"]
[PlyCount "29"]
[EventDate "2009.04.09"]
[EventType "swiss"]
[EventRounds "9"]
[EventCountry "GER"]
[SourceTitle "EXT 2022"]
[Source "ChessBase"]
[SourceDate "2021.10.06"]
[SourceVersion "1"]
[SourceVersionDate "2021.10.06"]
[SourceQuality "1"]

1. e4 g6 2. d4 Bg7 3. Nc3 c6 4. Be3 d5 5. e5 Nh6 6. h4 Nf5 7. h5 Nxe3 8. fxe3 Qb6 9. Qd2 Bg4 10. hxg6 fxg6 11. Bd3 Nd7 12. Rxh7 0-0-0 13. Rxg7 Rh1 14. Nce2 Bxe2 15. Kxe2 1-0

[Event "Mecklenburg VP-ch"]
[Site "Greifswald"]
[Date "2009.04.09"]
[Round "2.9"]
[White "Priss, Wolfgang"]
[Black "Graffenberger, Martin"]
[Result "0-1"]
[WhiteElo "1429"]
[BlackElo "1989"]
[PlyCount "62"]
[EventDate "2009.04.09"]
[EventType "swiss"]
[EventRounds "9"]
[EventCountry "GER"]
[SourceTitle "EXT 2022"]
[Source "ChessBase"]
[SourceDate "2021.10.06"]
[SourceVersion "1"]
[SourceVersionDate "2021.10.06"]
[SourceQuality "1"]

1. e4 e5 2. Nf3 Nc6 3. Bb5 a6 4. Bxc6 dxc6 5. d4 exd4 6. Qxd4 Qxd4 7. Nxd4 c5 8. Ne2 Nf6 9. Nbc3 Be7 10. Bf4 c6 11. Rd1 Be6 12. a3 b5 13. f3 Nd7 14. 0-0 Nb6 15. b3 b4 16. axb4 cxb4 17. Be3 Nd7 18. Na4 c5 19. Nf4 Bg5 20. Kf2 Rc8 21. Nxe6 Bxe3+ 22. Kxe3 fxe6 23. Rd6 Ke7 24. Rfd1 Nb8 25. Nb6 Rc7 26. Nc4 Nc6 27. e5 Ra8 28. f4 Nd4 29. Rc1 a5 30. Nb6 Raa7 31. Na4 Nf5+ 0-1

[Event "Mecklenburg VP-ch"]
[Site "Nakenstorf"]
[Date "2008.03.22"]
[Round "6.14"]
[White "Graffenberger, Martin"]
[Black "Kriese, Ralf"]
[Result "1-0"]
[WhiteElo "2040"]
[BlackElo "1600"]
[PlyCount "37"]
[EventDate "2008.03.20"]
[EventType "swiss"]
[EventRounds "9"]
[EventCountry "GER"]
[SourceTitle "EXT 2022"]
[Source "ChessBase"]
[SourceDate "2021.10.06"]
[SourceVersion "1"]
[SourceVersionDate "2021.10.06"]
[SourceQuality "1"]

1. e4 e6 2. Qe2 b6 3. c4 g6 4. d4 Bg7 5. Nf3 d6 6. Bg5 Ne7 7. Nc3 Ba6 8. Rd1 0-0 9. Qe3 Qe8 10. h4 f6 11. Bh6 e5 12. Bxg7 Kxg7 13. dxe5 dxe5 14. h5 g5 15. Nxg5 fxg5 16. Qxg5+ Kh8 17. Qxe5+ Kg8 18. Rh4 Bc8 19. Nd5 1-0

[Event "Mecklenburg VP LL 0708"]
[Site "Mecklenburg VP"]
[Date "2008.01.20"]
[Round "5.7"]
[White "Zibell, Walter"]
[Black "Graffenberger, Martin"]
[Result "0-1"]
[WhiteElo "1779"]
[BlackElo "1835"]
[PlyCount "68"]
[EventDate "2007.10.21"]
[EventType "team-tourn"]
[EventRounds "9"]
[EventCountry "GER"]
[SourceTitle "EXT 2016"]
[Source "ChessBase"]
[SourceDate "2015.10.08"]
[SourceVersion "1"]
[SourceVersionDate "2015.10.08"]
[SourceQuality "1"]
[WhiteTeam "Neubrandenburg SG Eintracht"]
[BlackTeam "Greifswald II"]
[WhiteTeamCountry "GER"]
[BlackTeamCountry "GER"]

1. d4 g6 2. c4 Bg7 3. Nc3 d6 4. e4 e5 5. d5 f5 6. Bd3 Nf6 7. Bg5 h6 8. Bxf6 Qxf6 9. Qc2 Na6 10. Nge2 f4 11. f3 Qh4+ 12. g3 fxg3 13. Nxg3 Qf4 14. Nce2 Qe3 15. Qd2 Qxd2+ 16. Kxd2 Rf8 17. Rhf1 Bh3 18. Rf2 h5 19. Ng1 Bh6+ 20. Ke2 Bd7 21. a3 Nc5 22. Bc2 a5 23. Rg2 b5 24. Nf1 g5 25. Ne3 bxc4 26. Nxc4 Ke7 27. a4 g4 28. Ra3 Rf6 29. Nxa5 Rxa5 30. b4 Rxa4 31. Rxa4 Nxa4 32. Bxa4 Bxa4 33. fxg4 Bb5+ 34. Ke1 Rf1# 0-1

[Event "Mecklenburg VP LL 0607"]
[Site "Mecklenburg VP"]
[Date "2007.02.25"]
[Round "6.6"]
[White "Birnbaum, Wolf Dieter"]
[Black "Graffenberger, Martin"]
[Result "1-0"]
[WhiteElo "1904"]
[BlackElo "1849"]
[PlyCount "44"]
[EventDate "2006.10.15"]
[EventType "team"]
[EventRounds "9"]
[EventCountry "GER"]
[SourceTitle "EXT 2008"]
[Source "ChessBase"]
[SourceDate "2007.11.25"]
[SourceVersion "1"]
[SourceVersionDate "2007.11.25"]
[SourceQuality "1"]
[WhiteTeam "Warnemuende SF Ostsee"]
[BlackTeam "Greifswald II"]
[WhiteTeamCountry "GER"]
[BlackTeamCountry "GER"]

1. Nf3 Nf6 2. g3 b5 3. Bg2 Bb7 4. 0-0 d6 5. d4 Nbd7 6. a4 a6 7. Nbd2 e6 8. e4 Nxe4 9. Ng5 Nxd2 10. Bxb7 Nxf1 11. Qf3 Qe7 12. Bxa8 Nxh2 13. Kxh2 h6 14. Nh3 bxa4 15. Rxa4 d5 16. Bc6 Kd8 17. Rxa6 Nb6 18. Qa3 Qxa3 19. bxa3 g5 20. a4 Nc4 21. Ng1 Ke7 22. Nf3 Kf6 1-0

[Event "Mecklenburg VP LL 0506"]
[Site "Mecklenburg VP"]
[Date "2006.04.02"]
[Round "9.7"]
[White "Graffenberger, Martin"]
[Black "Jabbusch, Burkhard"]
[Result "1/2-1/2"]
[WhiteElo "1856"]
[BlackElo "1922"]
[PlyCount "42"]
[EventDate "2005.10.23"]
[EventType "team"]
[EventRounds "9"]
[EventCountry "GER"]
[SourceTitle "EXT 2008"]
[Source "ChessBase"]
[SourceDate "2007.11.25"]
[SourceVersion "1"]
[SourceVersionDate "2007.11.25"]
[SourceQuality "1"]
[WhiteTeam "Greifswald"]
[BlackTeam "Stralsund FHSG"]
[WhiteTeamCountry "GER"]
[BlackTeamCountry "GER"]

1. Nc3 f5 2. e4 d6 3. Bc4 Nf6 4. Qf3 fxe4 5. Nxe4 c6 6. d4 e6 7. Bg5 Qa5+ 8. Bd2 Qd8 9. Nxf6+ Qxf6 10. Qxf6 gxf6 11. 0-0-0 b5 12. Bd3 Nd7 13. Nh3 Nb6 14. Nf4 Kf7 15. Rhe1 Bd7 16. Re2 Nc4 17. Bxc4 bxc4 18. Rde1 Re8 19. Nh5 e5 20. dxe5 fxe5 21. f3 Rg8 1/2-1/2

[Event "Mecklenburg VP LL1 0506"]
[Site "Mecklenburg VP"]
[Date "2006.01.15"]
[Round "5.3"]
[White "Graffenberger, Martin"]
[Black "Krueger, Karsten"]
[Result "1/2-1/2"]
[WhiteElo "1856"]
[BlackElo "1852"]
[PlyCount "22"]
[EventDate "2005.10.23"]
[EventType "team"]
[EventRounds "9"]
[EventCountry "GER"]
[SourceTitle "EXT 2008"]
[Source "ChessBase"]
[SourceDate "2007.11.25"]
[SourceVersion "1"]
[SourceVersionDate "2007.11.25"]
[SourceQuality "1"]
[WhiteTeam "Greifswald II"]
[BlackTeam "Neubrandenburg SG Eintracht II"]
[WhiteTeamCountry "GER"]
[BlackTeamCountry "GER"]

1. Nc3 e6 2. f4 d5 3. Nf3 Nf6 4. e3 c5 5. Ne5 Bd7 6. Qf3 Bc6 7. Nxc6 Nxc6 8. Bb5 Qc7 9. b3 g6 10. Bb2 Bg7 11. Ne2 0-0 1/2-1/2

[Event "Mecklenburg VP-ch MT"]
[Site "Nakenstorf"]
[Date "2005.03.28"]
[Round "9.11"]
[White "Graffenberger, Martin"]
[Black "Oldach, Ehrenfried"]
[Result "1-0"]
[WhiteElo "2048"]
[BlackElo "2067"]
[PlyCount "105"]
[EventDate "2005.03.24"]
[EventType "swiss"]
[EventRounds "9"]
[EventCountry "GER"]
[SourceTitle "EXT 2022"]
[Source "ChessBase"]
[SourceDate "2021.10.06"]
[SourceVersion "1"]
[SourceVersionDate "2021.10.06"]
[SourceQuality "1"]

1. c3 f5 2. d3 Nf6 3. g3 e6 4. Bg2 Be7 5. Qb3 Nc6 6. Nf3 a5 7. a4 Rb8 8. Na3 b6 9. Bf4 Nd5 10. Bd2 0-0 11. 0-0 Bb7 12. e4 fxe4 13. dxe4 Nf6 14. Rfe1 Bc5 15. Nc2 Ng4 16. Ne3 Nce5 17. Nxe5 Nxe5 18. f4 Ng4 19. h3 Nf6 20. Qc2 Qe8 21. Kh2 Qg6 22. e5 Ne4 23. Ng4 Nxd2 24. Qxd2 Bxg2 25. Kxg2 h5 26. Nf2 d5 27. exd6 Bxd6 28. Re4 Kh8 29. Rae1 Rf6 30. Nd3 Qe8 31. Qe2 h4 32. g4 Qc6 33. g5 Rf5 34. Qh5+ Kg8 35. Qxh4 Rbf8 36. g6 R8f6 37. Qh7+ Kf8 38. Qh8+ Ke7 39. Qxg7+ Kd8 40. Qh8+ Kd7 41. Qh7+ Kc8 42. g7 Bxf4 43. g8Q+ Kb7 44. Nxf4 Rxf4 45. Qg3 R6f5 46. Qh6 Rxe4 47. Kh2 Rxe1 48. Qxe1 Qd6+ 49. Kg1 Qc5+ 50. Qhe3 Rg5+ 51. Kh1 Qc6+ 52. Qe4 Rd5 53. c4 1-0